Costantino il Grande

Uloženo v:
Podrobná bibliografie
Hlavní autor: Marcone, Arnaldo (autor)
Médium: Kniha
Jazyk:italština
Vydáno: Roma Editorial Laterza 2000
Vydání:1a. ed
Edice:Biblioteca Essenziale Laterza, 30
Témata:
Tagy: Přidat tag
Žádné tagy, Buďte první, kdo vytvoří štítek k tomuto záznamu!

MARC

LEADER 00000cam a2200000 a 4500
001 UCD8753
003 CL-VaPUC
008 170519e20000000it |||||||||||||||||ita|d
020 |a 8842059668 
082 0 4 |a 923.1  |b MAR  |2 21 
100 |a Marcone, Arnaldo  |e autor  |9 622266 
245 1 0 |a Costantino il Grande 
250 |a 1a. ed 
300 |a 141 p 
942 |c BK 
945 |d 20170519 15:42:00  |a arojas 
260 |a Roma  |b Editorial Laterza  |c 2000 
600 0 |a Constantino  |9 398355 
650 0 |a Biografías  |9 255210 
650 7 |a EMPERADORES  |2 CL-VaPUC  |9 333943 
650 0 |a Historia de Roma   |9 315349 
651 0 |a Roma   |9 255106 
583 |a last modification  |c 20170519 15:42:00  |k Rodrigo Vera 
490 0 |a Biblioteca Essenziale Laterza, 30 
999 |c 368062  |d 368060 
952 |0 0  |1 0  |3 erb  |4 0  |6 923_100000000000000_MAR_2000  |7 0  |8 A  |9 483321  |a FDOLAF  |b FDOLAF  |e Laffi, Umberto, 1939-  |i 5392306  |o 923.1 MAR 2000  |p 5392306  |r 2024-01-30  |w 2019-11-24  |y BK  |z Catalogado en:20170519  |k LAF